| 000 | 01206nam0a2200313 4500 | ||
|---|---|---|---|
| 001 | RU\NLR\bibl\796650 | ||
| 005 | 20250614124343.0 | ||
| 010 |
_a5-88503-259-9 _910000 |
||
| 021 |
_aRU _b2005-339 _917 |
||
| 035 | _a(NLR Aleph) 000785850 | ||
| 090 |
_a1091012 _c1091012 |
||
| 100 | _a20050507d2005 |||y0rusy50 ca | ||
| 101 | 1 |
_arus _ceng |
|
| 102 | _aRU | ||
| 105 | _aa ||||||||| | ||
| 200 | 1 |
_aБхагаван Шри Сатья Саи Баба - мой божественный учитель _e[пер. с англ.] _fКурт Орифьерд |
|
| 210 |
_aМ. _aСПб. _cДиля _d2005 |
||
| 215 |
_a253 с. _cил. _d20 |
||
| 300 | _aЗагл. и авт. ориг.: Sathya Sai Baba my divine teacher / Curth Orefjaerd | ||
| 454 | 0 |
_12001#$aSathya Sai Baba my divine teacher$eCurth Orefjaerd _1700#1$aOrefjaerd$bC.$gCurth$4070 _tSathya Sai Baba my divine teacher _aOrefjaerd, Curth |
|
| 600 | 0 |
_aСатья Саи Баба _f1926 - 2011 _92133980 _3RU\NLR\auth\661287041 |
|
| 686 | _aЭ331.8 | ||
| 700 | 1 |
_aОрифьерд _bК. _gКурт _4070 |
|
| 801 | 0 |
_aRU _bNLR _c20050507 _gPSBO |
|
| 801 | 1 |
_aRU _bNLR _c20050507 |
|
| 942 | _cBOOK | ||
| 980 | _aNB | ||